Veladas líricas: Poesías

Guardat en:
Dades bibliogràfiques
Autor principal: Montt y Montt, Ambrosio (autor)
Format: Llibre
Idioma:espanyol
Publicat: Montevideo Tipografía y Encuadernación de A. Barreiro y Ramos 1885
Edició:1a. ed
Matèries:
Etiquetes: Afegir etiqueta
Sense etiquetes, Sigues el primer a etiquetar aquest registre!

MARC

LEADER 00000nam a2200000 a 4500
001 UCJ3237
003 CL-VaPUC
008 070124e18850000UY |||||||||||||||||spa|d
082 0 4 |a Ch861  |b MON  |2 21 
100 |a Montt y Montt, Ambrosio  |e autor  |9 511862 
245 1 0 |a Veladas líricas: Poesías 
250 |a 1a. ed 
300 |a 215 p 
942 |c BK 
945 |d 20070124 00:00:00  |a rinostro 
260 |a Montevideo  |b Tipografía y Encuadernación de A. Barreiro y Ramos  |c 1885 
600 0 7 |a SAMPER, JOSÉ M.  |2 CL-VaPUC  |9 504947 
650 0 |a Poesía chilena   |9 268403 
583 |a last modification  |c 20070124 00:00:00  |k Rodrigo Vera 
999 |c 319359  |d 319357 
952 |0 0  |1 0  |4 0  |6 CH_861_000000000000000_MON_1885  |7 0  |8 X  |9 397668  |a FDOBUD  |b FDOBUD  |d 2019-11-22  |i 1001159  |o Ch861 MON 1885  |p 1001159  |r 2019-11-22  |w 2019-11-22  |y BK_X  |k BUD